| 000 | 01942nab a2200241 i 4500 | ||
|---|---|---|---|
| 001 | 768714001 | ||
| 003 | CO-MdFUSB | ||
| 005 | 20240618062727.0 | ||
| 008 | 240617t1986 us ||||| |||| 00| 0 eng d | ||
| 040 |
_bspa _cCO-MdFUSB _dCO-MdFUSB |
||
| 041 | _aeng | ||
| 100 |
_aBonk, Jon, _d1945- _eautor |
||
| 245 | 3 |
_aThe role of affluence in the christian missionary enterprise from the west _c/ Jon Bonk |
|
| 520 | _aEl papel de la riqueza en la empresa misionera cristiana de Occidente. En este artículo, Bonk demuestra que la riqueza que ha sido parte integrante del esfuerzo misionero occidental durante 200 años no ha sido de ninguna manera una bendición absoluta. Los principales beneficios asociados con la riqueza siempre han tenido que ver con la supervivencia del misionero y la longevidad del servicio del misionero. Los efectos secundarios menos beneficiosos de la riqueza que deben sopesarse con sus beneficios incluyen consideraciones relacionadas con la sociología y la psicología de la disparidad. La experiencia humana muestra que la disparidad económica y la distancia social que la acompaña generan envidia y sospecha. Las personas tienden a establecer amistades con “los de su propia especie” económica y socialmente. En consecuencia, en el costo de la riqueza se incluyen factores que afectan la credibilidad del misionero y la comprensibilidad de su mensaje. Es importante, tanto por razones teológicas como prácticas, volver a la encarnación como modelo de estrategia misionera. | ||
| 546 | _aTexto en inglés. | ||
| 650 | 0 |
_aMisiones _9154 |
|
| 650 | 7 |
_aCiencias sociales _97078 |
|
| 650 | 7 |
_aReligión y cultura _9388 |
|
| 650 | 0 |
_aFinanzas de la Iglesia _91119 |
|
| 773 | 0 |
_070215 _982773 _dPensilvania, Estados Unidos _oR2648 _tMissiology _w(CO-MdFUSB)768714001 _gVolumen14, (número 4, 1986) páginas: 437 - 462 _qpágina: 437 |
|
| 942 | _cANA | ||
| 945 | _aCatherine Arias Álvarez - Practicante SENA | ||
| 999 |
_c70235 _d70235 |
||